000 00612nam a2200217Ia 4500
003 OSt
005 20230411143407.0
008 210423s2017 xx 000 0 und d
020 _a978-81-7708-446-7
040 _cAL
041 _aeng
082 _a361.6
_223
_bVING
100 _aVINODAN (C)
_986217
245 _aGood governance and development: challenges in India
260 _aNew Delhi
_bNew Century Publications.
_c2017
300 _axiv,206
_bHB
365 _b860
_cINR
650 _aGovernment Action
_986218
906 _achallenges ; development: ; Good ; governance ; India
942 _2ddc
_cBK
999 _c169650
_d169650